00353nam a2200109Ia 4500008004100000082001900041100002000060245003400080260003600114300000800150650008500158211119s9999||||xx |||||||||||||| ||und|| a338.092bAPP-E aApplegate, Jane 0aEntrepreneur`s Desk Reference bViva Book Pvt LtdaBombayc2003 a399 aSocial SciencesvEconomicsBusinessInternational EconomicsManagementxMBA LIBRARY